Współczesne Kraje Nazistowskich Niemiec (Quiz na Mapie) - Statystyki

Ogólne statystyki
  • Ten quiz został rozwiązany 100 razy
  • Średni wynik to 19 z 20
Odpowiedzi na mapie
Odpowiedzi zakodowano w zielono-czerwonej skali na mapie do tego quizu, zgodnie z poniższymi procentami.
 
Statystyki odpowiedzi
Kraje % Poprawnych
Niemcy
99%
Polska
99%
Austria
98%
Czechy
98%
Dania
98%
Estonia
98%
Francja
98%
Litwa
98%
Łotwa
98%
Rosja
98%
Ukraina
98%
Belgia
96%
Białoruś
96%
Holandia
96%
Norwegia
95%
Luksemburg
94%
Słowacja
94%
Słowenia
89%
Grecja
87%
Serbia
85%
Nie znaleziono quizów pasujących do podanych kryteriów
Rozkład punktacji
Procent ludzi z każdym wynikiem
Percentyl według liczby udzielonych odpowiedzi
Twoja historia wyników
Nie rozwiązałeś tego quizu